000 00493nam a2200193Ia 4500
003 GCL
008 140319s9999 xx 000 0 aRus d
040 _aGCL /
_cGCL
082 0 4 _a861
_bB F
100 1 _aBLECUA, JOSE M.
245 1 0 _aFLORESTA DE LIRICA ESPANOL /
_cBLECUA, JOSE M.
260 _a[S.N] :
_bEDITORIAL ANAGRAMA ،
_c1989
650 0 4 _aLITERATURE
650 0 4 _aPOETRY
650 0 4 _aSPANISH LITERATURE
650 0 4 _aLITERACY
650 0 4 _aSPANISH POETRY
942 _2ddc
_cBK
999 _c12913
_d12913